[Event "GER CCM-E02-C email"]
[Site "GER email"]
[Date "2018.06.19"]
[Round "?"]
[White "Gorbunova, Alina Valerievna"]
[Black "Kjeldsen, Karsten"]
[Result "1-0"]
[WhiteElo "2076"]
[BlackElo "2064"]
[PlyCount "79"]
[EventDate "2018.??.??"]
[EventType "tourn (corr)"]
[EventRounds "13"]
[EventCountry "GER"]
[SourceTitle "Corr 2022"]
[Source "ChessBase"]
[SourceDate "2021.10.24"]
[SourceVersion "1"]
[SourceVersionDate "2021.10.24"]
[SourceQuality "1"]

1. e4 e6 2. d4 d5 3. Nc3 Bb4 4. e5 c5 5. a3 Bxc3+ 6. bxc3 Ne7 7. Qg4 0-0 8. Bd3 Nbc6 9. Nf3 Qa5 10. Bd2 Qa4 11. Qh5 Ng6 12. Ng5 h6 13. Nxf7 Rxf7 14. Qxg6 cxd4 15. Qh7+ Kf8 16. Bg6 Nxe5 17. Qh8+ Ke7 18. Bxf7 dxc3 19. Bxh6 Qe4+ 20. Kf1 gxh6 21. Qe8+ Kf6 22. Bh5 b6 23. Qf8+ Kg5 24. Be8 Ng6 25. Qf7 Ba6+ 26. Kg1 Rxe8 27. Qxe8 Nh4 28. Qg8+ Kf6 29. h3 d4 30. Qf8+ Kg6 31. f3 Qe3+ 32. Kh2 Nf5 33. Rhe1 Be2 34. Qb8 Kf6 35. a4 Qf2 36. Rac1 e5 37. Qh8+ Ke6 38. Qc8+ Kf6 39. Qc6+ Kf7 40. a5 1-0

[Event "GER CCM-E02-C email"]
[Site "GER email"]
[Date "2018.06.19"]
[Round "?"]
[White "Gorbunova, Alina Valerievna"]
[Black "Lanin, Boris Aleksandrovic"]
[Result "1/2-1/2"]
[WhiteElo "2076"]
[BlackElo "2038"]
[PlyCount "94"]
[EventDate "2018.??.??"]
[EventType "tourn (corr)"]
[EventRounds "13"]
[EventCountry "GER"]
[SourceTitle "Corr 2020"]
[Source "ChessBase"]
[SourceDate "2019.09.30"]
[SourceVersion "1"]
[SourceVersionDate "2019.09.30"]
[SourceQuality "1"]

1. e4 e5 2. Nf3 Nc6 3. Bb5 a6 4. Ba4 Nf6 5. 0-0 Bc5 6. c3 b5 7. Bc2 d5 8. a4 dxe4 9. axb5 Bg4 10. bxc6 exf3 11. gxf3 Be6 12. Ra5 Qd6 13. f4 e4 14. d4 exd3 15. Qxd3 0-0 16. Qxd6 Bxd6 17. Rd1 Rfe8 18. Be3 Bg4 19. Rc1 Rab8 20. Nd2 Be2 21. Bd1 Bd3 22. b4 g6 23. Bf3 h5 24. Nb3 Rbd8 25. Nc5 Bxc5 26. Rxc5 Be4 27. Be2 Nd5 28. Bxa6 Nxe3 29. fxe3 Rd2 30. Bf1 Bf3 31. Ra1 Rxe3 32. b5 Bg4 33. c4 Rb2 34. Re5 Rf3 35. c5 Rxf4 36. b6 cxb6 37. c7 bxc5 38. Rxc5 Kg7 39. c8Q Bxc8 40. Rxc8 Rff2 41. h3 Rf3 42. Rc5 Rg3+ 43. Kh1 Kh6 44. Rac1 f5 45. R1c3 h4 46. Rc1 Rd2 47. Rc7 Re3 1/2-1/2

[Event "GER CCM-E02-C email"]
[Site "GER email"]
[Date "2018.06.19"]
[Round "?"]
[White "Parente, Antonio"]
[Black "Gorbunova, Alina Valerievna"]
[Result "1/2-1/2"]
[WhiteElo "2069"]
[BlackElo "2076"]
[PlyCount "66"]
[EventDate "2018.??.??"]
[EventType "tourn (corr)"]
[EventRounds "13"]
[EventCountry "GER"]
[SourceTitle "Corr 2020"]
[Source "ChessBase"]
[SourceDate "2019.09.30"]
[SourceVersion "1"]
[SourceVersionDate "2019.09.30"]
[SourceQuality "1"]

1. e4 e5 2. Nf3 Nc6 3. Bb5 Nf6 4. d3 Bc5 5. Bxc6 dxc6 6. 0-0 Qe7 7. Nbd2 Bg4 8. Nc4 Nd7 9. Qe2 a6 10. h3 Bh5 11. Bd2 f6 12. a4 Nf8 13. b4 Bd6 14. Qe3 Ne6 15. Nh4 Qd7 16. Nf5 Bf8 17. Rfb1 b6 18. Bc3 c5 19. b5 a5 20. Rf1 Nd4 21. Qd2 Bf7 22. Nfe3 g6 23. f4 exf4 24. Nd5 Bxd5 25. exd5 g5 26. Rae1+ Kf7 27. Qd1 Kg7 28. Bxd4 cxd4 29. Re6 Qxd5 30. Rc6 Ra7 31. Re1 Bb4 32. Ree6 Rf8 33. Qg4 Rf7 1/2-1/2